000 00367nam a2200145 i 4500
001 bg
100 1 _aRUBINOWSKI, Zbigniew
245 0 _aJaskinia Raj /
_cZbigniew Rubinowski, Tymoteusz Wróblewski.
260 _aWarszawa,
_c1976.
700 1 _aWRÓBLEWSKI, Tymoteusz
040 _cBPK
041 _apol
942 _cKS
008 s pl f |000 0 pol
999 _c21619
_d21619
856 _uhttp://koha.tu.koszalin.pl/cgi-bin/koha/opac-detail.pl?biblionumber=21619
_yKatalog online BPK